| 000 | 00480nam a2200169 a 4500 | ||
|---|---|---|---|
| 001 | 000016098 | ||
| 005 | 20200929164255.0 | ||
| 008 | 100225s1984 dr 001 0 spa d | ||
| 040 |
_aDO-SdBNP _bspa _cBNPHu |
||
| 082 |
_axxxx _bS232n |
||
| 100 | 1 |
_aSantana, Julio Cesar _936086 |
|
| 245 | 1 | 0 |
_aNuevos horizontes / _cJulio Cesar Santana. |
| 250 | _a3a. ed. | ||
| 260 |
_aSan Pedro de Macorís, República Dominicana : _bOlga, _c1984. |
||
| 300 |
_a24 p. ; _c22 cm. |
||
| 049 | _aBNPD | ||
| 999 |
_c15639 _d15639 |
||